Missing Word: Nick at Nite (2000s) Quiz Stats

 Plays Quiz Updated Sep 12, 2012

Support Sporcle.
Go Orange.
Score 0/30 Timer 02:00
3 Plays Today
Show Title Missing Word % Correct
Malcolm in the _______Middle
99.2%
The _______ BunchBrady
96.7%
The Cosby _______Show
96.3%
Everybody _______ ChrisHates
96.2%
_______ 70's ShowThat
95.6%
The _______ Prince of Bel-AirFresh
94.9%
_______ ImprovementHome
94.2%
Full _______House
91.5%
The Facts of _______Life
91.3%
_______... with ChildrenMarried
89.8%
The _______ HillbilliesBeverly
86.7%
Leave It To _______Beaver
85.9%
Three's _______Company
84.6%
Mad About _______You
82.5%
Happy _______Days
81.8%
Show Title Missing Word % Correct
Diff'rent _______Strokes
81.6%
The Wonder _______Years
81.1%
_______ in the FamilyAll
80.9%
I Love _______Lucy
79.5%
Family _______Matters/Ties
79.3%
_______ LopezGeorge
75.4%
_______ & ShirleyLaverne
68.6%
Who's The _______?Boss
68.6%
Murphy _______Brown
63.6%
_______ in ChargeCharles
62.7%
_______ and SonSanford
61.6%
_______ StrangersPerfect
54.3%
WKRP in _______Cincinnati
54.3%
_______ DearYes
53.5%
Designing _______Women
53.3%

Today's Daily Dose

You're not logged in!

Compare scores with friends on all Sporcle quizzes.
OR
Log In

From the Vault

Geography Threesome Challenge

by tomflow

Geography? More like, geogra-three!
Remove Ads.
Support Sporcle.
Get the best of Sporcle when you Go Orange. This ad-free experience offers more features, more stats, and more fun while also helping to support Sporcle. Thank you for becoming a member.

Show Comments

Extras

Top Quizzes Today


Score Distribution

Your Account Isn't Verified!

In order to create a playlist on Sporcle, you need to verify the email address you used during registration. Go to your Sporcle Settings to finish the process.

Report this User

Report this user for behavior that violates our Community Guidelines.

Details: